01396nam a2200409 a 450000100060000000300080000600500170001400600190003100700150005000800410006502000150010603500230012103500240014403500250016803500210019304000260021405000220024008000100026210000300027224501350030226000390043730000140047653301640049065000160065465000250067065000140069565000350070965000160074465000180076065000240077865000470080265100120084965500270086171000190088885600620090799900170096939954FlNmELB20241216221834.0m o d | cr cn|||||||||200606r2005 sp |||||s|||||||||||spa d z1413597491 a(MiAaPQ)EBC3160884 a(Au-PeEL)EBL3160884 a(CaPaEBR)ebr10084111 a(OCoLC)928541169 aFlNmELBbspacFlNmELB 4aPR99bB928 2005eb a82(4)1 aBueno Alonso, Jorge Luis.10aLiteratura inglesa medieval y renacentistah[recurso electronico]bguía temática y bibliográfica /cJorge Luis Bueno Alonso. aOviedo :bSeptem Ediciones,c2005. a11-130 p. aRecurso electrónico. Santa Fe, Arg.: e-libro, 2015. Disponible vía World Wide Web. El acceso puede estar limitado para las bibliotecas afiliadas a e-libro. 4aLiteratura. 4aCrítica literaria. 4aHistoria. 4aFormas y géneros literarios. 0aLiterature. 0aBibliography. 0aEnglish literature. 0aEnglish literaturexHistory and criticism. 4aEuropa. 4aLibros electrónicos.2 ae-libro, Corp.40uhttps://elibro.net/ereader/politecnicointernacional/35257 c39954d39954